Fiumi Italiani - Statistics

Statistiche generali
  • Questo quiz è stato fatto 887 volte
  • Il punteggio medio è 10 su 20
Statistiche sulle risposte
Regioni/Nazioni bagnate Lunghezza Risposta % Corretto
Piemonte, Lombardia, Emilia-Romagna, Veneto 652 km Po
100%
Emilia-Romagna, Toscana, Umbria, Lazio 405 km Tevere
93%
Trentino-Alto Adige, Veneto 410 km Adige
85%
Toscana 241 km Arno
83%
Lombardia 313 km Adda
71%
Svizzera, Piemonte, Lombardia 248 km Ticino
69%
Friuli-Venezia Giulia, Veneto 231 km Piave
64%
Lombardia 280 km Oglio
56%
Valle d'Aosta, Piemonte 168 km Dora Baltea
53%
Friuli-Venezia Giulia, Veneto 170 km Tagliamento
53%
Piemonte, Liguria 276 km Tanaro
47%
Trentino-Alto Adige, Veneto, Lombardia 203 km Sarca - Mincio
46%
Toscana, Emilia-Romagna 212 km Reno
45%
Trentino-Alto Adige, Veneto 174 km Brenta
39%
Molise, Campania 175 km Volturno
34%
Abruzzo, Lazio, Campania 158 km Liri - Garigliano
25%
Toscana 160 km Ombrone
24%
Emilia-Romagna, Lombardia 172 km Secchia
24%
Liguria, Piemonte 153 km Bormida
12%
Trentino-Alto Adige, Lombardia 160 km Chiese
9%
Nessun quiz corrispondente trovato
Distribuzione punteggi
Percentuale di utenti per punteggio
Percentile per numero di risposta
I tuoi punteggi nel tempo
Non hai fatto questo quiz